[Event "IECG QC.2006.0.00076"]
[Site "IECG email"]
[Date "2006.03.07"]
[Round "1.2"]
[White "Guidi, Steven"]
[Black "Sayed, Mohamed"]
[Result "1-0"]
[WhiteElo "1770"]
[BlackElo "1700"]
[PlyCount "43"]
[EventDate "2006.03.07"]
[EventType "tourn (corr)"]
[EventRounds "2"]
[SourceTitle "Corr 2008"]
[Source "ChessBase"]
[SourceDate "2008.06.24"]
[SourceVersion "1"]
[SourceVersionDate "2008.06.24"]
[SourceQuality "1"]

1. e4 b6 2. d4 e6 3. c4 Bb4+ 4. Nc3 Bb7 5. Bd3 Nf6 6. f3 d5 7. Qa4+ Nc6 8. cxd5 exd5 9. Nge2 0-0 10. e5 Nd7 11. Bb5 Bxc3+ 12. bxc3 a6 13. Bxc6 b5 14. Bxb5 Nb6 15. Qb3 axb5 16. 0-0 Qd7 17. Bf4 Nc4 18. a4 Bc6 19. axb5 Bxb5 20. Rxa8 Rxa8 21. Rb1 c6 22. Ng3 1-0